Enhanced Oil Recovery Processes : New Technologies (Record no. 47020)

MARC details
000 -LEADER
fixed length control field 01746nam a2200253Ia 4500
000 - LEADER
fixed length control field 02063naaa 00301uu
001 - CONTROL NUMBER
control field https://directory.doabooks.org/handle/20.500.12854/67159
005 - DATE AND TIME OF LATEST TRANSACTION
control field 20260218105654.0
008 - FIXED-LENGTH DATA ELEMENTS--GENERAL INFORMATION
fixed length control field 211013s9999 xx 000 0 und d
020 ## - INTERNATIONAL STANDARD BOOK NUMBER
International Standard Book Number 9781789851083
024 ## - OTHER STANDARD IDENTIFIER
Standard number or code 10.5772/intechopen.77411
042 ## - AUTHENTICATION CODE
Authentication code dc
100 1# - MAIN ENTRY--PERSONAL NAME
Personal name Samsuri, Ariffin
245 #0 - TITLE STATEMENT
Title Enhanced Oil Recovery Processes : New Technologies
260 ## - PUBLICATION, DISTRIBUTION, ETC.
Name of publisher, distributor, etc. IntechOpen
Date of publication, distribution, etc. 2019
300 ## - PHYSICAL DESCRIPTION
Extent 1 electronic resource (160 p.)
520 ## - SUMMARY, ETC.
Summary, etc. Concerned with production decline, shortages of new oil reserves, and increasing world energy demand, the oil sector continues to search for economic and efficient techniques to enhance their oil recovery from the existing oil field using several enhanced oil recovery techniques (EOR)methods. Despite its highefficiency, widely acclaimed potentials, and limitations, the Low Salinity Water Flooding (LSWF), hybrid, and nanotechnology applications have gained vast interest with promising future to increase ultimate oil recovery, tackle operational challenges, reduce environmental damage, and allow the highest feasible recoveries with lower production costs. This synergistic combination has opened new routes for novel materials with fascinating properties. This book aims to provide an overview of EOR technology such as LSWF, hybrid, and nanotechnology applications in EOR processes.
540 ## - TERMS GOVERNING USE AND REPRODUCTION NOTE
Terms governing use and reproduction Creative Commons
653 ## - INDEX TERM--UNCONTROLLED
Uncontrolled term Petroleum technology
700 1# - ADDED ENTRY--PERSONAL NAME
Personal name Samsuri, Ariffin
856 ## - ELECTRONIC LOCATION AND ACCESS
Uniform Resource Identifier <a href="https://docs.google.com/spreadsheets/d/1yKIrdCPDAG_9c22mwoOIO2DOhtj65Wqa/edit?usp=sharing&ouid=106555315294820607512&rtpof=true&sd=true ">https://docs.google.com/spreadsheets/d/1yKIrdCPDAG_9c22mwoOIO2DOhtj65Wqa/edit?usp=sharing&ouid=106555315294820607512&rtpof=true&sd=true </a>
Link text List of Curated E-Books
942 ## - ADDED ENTRY ELEMENTS (KOHA)
Koha item type E-Book
Holdings
Withdrawn status Source of classification or shelving scheme Damaged status Not for loan Home library Current library Date acquired Total Checkouts Date last seen Price effective from Koha item type
  Library of Congress Classification   Not For Loan Directory of Open Access Books Directory of Open Access Books 12/22/2021   12/22/2021 12/22/2021 E-Book

University of Rizal System
Email us at univlibservices@urs.edu.ph

Visit our Website www.urs.edu.ph/library